[Event "D14blitz"]
[Site "?"]
[Date "2020.08.27"]
[Round "11.7"]
[White "Obrochta, Lena"]
[Black "Garbowska, Maja"]
[Result "0-1"]
[BlackElo "1220"]
[WhiteElo "1517"]
[LiveChessVersion "1.4.4"]

1. e4 {[%clk 0:03:03]} e5 {[%clk 0:03:03]} 2. Nc3 {[%clk 0:03:04]} Nf6
{[%clk 0:03:02]} 3. Bc4 {[%clk 0:03:04]} Bc5 {[%clk 0:02:58]} 4. f4
{[%clk 0:03:05]} exf4 {[%clk 0:02:55]} 5. Nf3 {[%clk 0:03:05]} Nc6
{[%clk 0:02:54]} 6. e5 {[%clk 0:02:54]} d5 {[%clk 0:02:37]} 7. Bb3
{[%clk 0:02:29]} Ng4 {[%clk 0:02:10]} 8. d4 {[%clk 0:02:27]} Bb6 {[%clk 0:02:06]}
9. Bxf4 {[%clk 0:02:17]} Be6 {[%clk 0:02:00]} 10. O-O {[%clk 0:01:54]} Qd7
{[%clk 0:01:44]} 11. Kh1 {[%clk 0:01:52]} O-O-O {[%clk 0:01:36]} 12. Qd2
{[%clk 0:01:46]} h5 {[%clk 0:01:17]} 13. Ne2 {[%clk 0:01:21]} Ne7
{[%clk 0:00:56]} 14. a4 {[%clk 0:01:09]} a6 {[%clk 0:00:52]} 15. c3
{[%clk 0:01:10]} Ng6 {[%clk 0:00:46]} 16. Be3 {[%clk 0:01:06]} h4
{[%clk 0:00:34]} 17. Bc2 {[%clk 0:01:01]} Nxe3 {[%clk 0:00:22]} 18. Qxe3
{[%clk 0:01:02]} Ne7 {[%clk 0:00:23]} 19. b4 {[%clk 0:00:44]} Nf5
{[%clk 0:00:24]} 20. Bxf5 {[%clk 0:00:44]} Bxf5 {[%clk 0:00:25]} 21. Ra2
{[%clk 0:00:32]} Rdg8 {[%clk 0:00:19]} 22. Ng5 {[%clk 0:00:28]} Re8
{[%clk 0:00:09]} 23. Qd2 {[%clk 0:00:25]} f6 {[%clk 0:00:06]} 24. Nf3
{[%clk 0:00:18]} fxe5 {[%clk 0:00:05]} 25. Nxe5 {[%clk 0:00:19]} Qe6
{[%clk 0:00:05]} 26. Nf4 {[%clk 0:00:20]} Qf6 {[%clk 0:00:03]} 27. a5
{[%clk 0:00:19]} Ba7 {[%clk 0:00:04]} 28. Rb2 {[%clk 0:00:18]} Rhg8
{[%clk 0:00:04]} 29. b5 {[%clk 0:00:17]} g5 {[%clk 0:00:05]} 30. Ne2
{[%clk 0:00:18]} Qe6 {[%clk 0:00:05]} 31. bxa6 {[%clk 0:00:17]} Qxa6
{[%clk 0:00:05]} 32. Ra1 {[%clk 0:00:17]} Be4 {[%clk 0:00:05]} 33. Kg1
{[%clk 0:00:15]} Ref8 {[%clk 0:00:05]} 34. Rb4 {[%clk 0:00:12]} Re8
{[%clk 0:00:06]} 35. Qb2 {[%clk 0:00:11]} Re6 {[%clk 0:00:05]} 36. Ra3
{[%clk 0:00:11]} Rf6 {[%clk 0:00:05]} 37. Ra1 {[%clk 0:00:10]} Rgf8
{[%clk 0:00:06]} 38. Qd2 {[%clk 0:00:09]} Rf2 {[%clk 0:00:05]} 39. Rb2
{[%clk 0:00:10]} Rxg2+ {[%clk 0:00:05]} 40. Kh1 {[%clk 0:00:11]} Rxe2+ 41. Kg1
{[%clk 0:00:11]} Rxd2 {[%clk 0:00:06]} 42. Rxd2 {[%clk 0:00:12]} Qb5
{[%clk 0:00:07]} 43. c4 {[%clk 0:00:12]} dxc4 {[%clk 0:00:07]} 44. Ng4
{[%clk 0:00:10]} Rf4 {[%clk 0:00:08]} 45. Ne3 {[%clk 0:00:10]} Rf3
{[%clk 0:00:08]} 46. Re1 {[%clk 0:00:10]} Qxa5 {[%clk 0:00:09]} 47. Rde2
{[%clk 0:00:09]} Qc3 {[%clk 0:00:09]} 48. Ng4 {[%clk 0:00:08]} Bc6
{[%clk 0:00:08]} 49. Ne5 {[%clk 0:00:06]} Bxd4+ {[%clk 0:00:09]} 50. Kh1
{[%clk 0:00:06]} Bxe5 {[%clk 0:00:10]} 51. Rxe5 {[%clk 0:00:06]} Re3+
{[%clk 0:00:10]} 52. Kg1 {[%clk 0:00:06]} Rxe1+ {[%clk 0:00:11]} 53. Rxe1
{[%clk 0:00:07]} Qxe1# {[%clk 0:00:12]} 0-1

[Event "D14blitz"]
[Site "?"]
[Date "2020.08.27"]
[Round "12.1"]
[White "Mroz, Lena"]
[Black "Barwinska, Ewa"]
[Result "1-0"]
[BlackElo "1517"]
[WhiteElo "1609"]
[LiveChessVersion "1.4.4"]

1. e4 {[%clk 0:03:04]} c5 {[%clk 0:03:03]} 2. Nf3 {[%clk 0:03:05]} d6
{[%clk 0:03:05]} 3. d4 {[%clk 0:03:05]} cxd4 {[%clk 0:03:06]} 4. Nxd4
{[%clk 0:03:06]} Nf6 {[%clk 0:03:07]} 5. Nc3 {[%clk 0:03:06]} a6 {[%clk 0:03:08]}
6. a4 {[%clk 0:03:07]} e5 {[%clk 0:03:08]} 7. Nf3 {[%clk 0:03:08]} Qc7
{[%clk 0:03:09]} 8. Bg5 {[%clk 0:03:04]} Nbd7 {[%clk 0:03:07]} 9. Bd3
{[%clk 0:02:30]} Be7 {[%clk 0:03:06]} 10. O-O {[%clk 0:02:28]} O-O
{[%clk 0:03:06]} 11. Qe2 {[%clk 0:02:24]} b6 {[%clk 0:03:05]} 12. Rfd1
{[%clk 0:02:16]} Bb7 {[%clk 0:03:05]} 13. Bc4 {[%clk 0:01:25]} h6
{[%clk 0:02:56]} 14. Bxf6 {[%clk 0:01:22]} Nxf6 {[%clk 0:02:57]} 15. Bb3
{[%clk 0:01:22]} Rac8 {[%clk 0:02:48]} 16. Rd2 {[%clk 0:01:13]} Rfd8
{[%clk 0:02:44]} 17. Rad1 {[%clk 0:01:13]} Rb8 {[%clk 0:02:19]} 18. h3
{[%clk 0:01:08]} Bc6 {[%clk 0:02:11]} 19. Qe3 {[%clk 0:00:36]} Qb7
{[%clk 0:02:04]} 20. Nd5 {[%clk 0:00:28]} Nxd5 {[%clk 0:02:02]} 21. Bxd5
{[%clk 0:00:29]} Bxd5 {[%clk 0:02:02]} 22. Rxd5 {[%clk 0:00:30]} b5
{[%clk 0:02:00]} 23. axb5 {[%clk 0:00:29]} axb5 {[%clk 0:02:01]} 24. c3
{[%clk 0:00:27]} Ra8 {[%clk 0:02:01]} 25. Qe2 {[%clk 0:00:23]} b4
{[%clk 0:02:01]} 26. Rb5 {[%clk 0:00:22]} Qa6 {[%clk 0:01:58]} 27. c4
{[%clk 0:00:16]} Rdb8 {[%clk 0:01:52]} 28. Rxb8+ {[%clk 0:00:14]} Rxb8
{[%clk 0:01:53]} 29. Qd3 {[%clk 0:00:16]} Rc8 {[%clk 0:01:50]} 30. b3
{[%clk 0:00:17]} Ra8 {[%clk 0:01:34]} 31. Nh2 {[%clk 0:00:17]} Qc6
{[%clk 0:01:32]} 32. Ng4 {[%clk 0:00:16]} Ra3 {[%clk 0:01:26]} 33. Ne3
{[%clk 0:00:16]} Qa8 {[%clk 0:01:13]} 34. Nd5 {[%clk 0:00:14]} Qb7
{[%clk 0:01:04]} 35. Ne3 {[%clk 0:00:10]} g6 {[%clk 0:01:01]} 36. Nd5
{[%clk 0:00:11]} Bf8 {[%clk 0:00:59]} 37. Nf6+ {[%clk 0:00:12]} Kg7
{[%clk 0:00:56]} 38. Ne8+ {[%clk 0:00:13]} Kh7 {[%clk 0:00:57]} 39. Nxd6
{[%clk 0:00:13]} Bxd6 {[%clk 0:00:57]} 40. Qxd6 {[%clk 0:00:14]} Rxb3
{[%clk 0:00:43]} 41. Qxe5 {[%clk 0:00:14]} Rc3 {[%clk 0:00:41]} 42. Rd8
{[%clk 0:00:10]} f6 {[%clk 0:00:27]} 43. Qxf6 {[%clk 0:00:04]} Qg7
{[%clk 0:00:29]} 44. Qxg7+ Kxg7 45. Rd7+ {[%clk 0:00:04]} Kf6 {[%clk 0:00:30]}
46. Rc7 {[%clk 0:00:06]} b3 {[%clk 0:00:30]} 47. Rb7 {[%clk 0:00:07]} Rxc4
{[%clk 0:00:31]} 48. Rxb3 {[%clk 0:00:08]} Rxe4 {[%clk 0:00:33]} 49. Rb6+
{[%clk 0:00:09]} Kg7 {[%clk 0:00:32]} 50. Kh2 {[%clk 0:00:10]} Re2
{[%clk 0:00:33]} 51. Kg3 {[%clk 0:00:11]} Rc2 {[%clk 0:00:33]} 52. f3
{[%clk 0:00:12]} Rc3 {[%clk 0:00:34]} 53. Kg4 {[%clk 0:00:13]} Rc4+
{[%clk 0:00:35]} 54. Kg3 {[%clk 0:00:14]} Rc3 {[%clk 0:00:37]} 55. Kf2
{[%clk 0:00:14]} Rc2+ {[%clk 0:00:38]} 56. Kg3 {[%clk 0:00:15]} Rc3
{[%clk 0:00:39]} 57. Kf4 {[%clk 0:00:15]} Rc4+ 58. Ke3 Rc2 {[%clk 0:00:41]} 59.
g4 {[%clk 0:00:17]} Rc3+ {[%clk 0:00:42]} 60. Kf4 {[%clk 0:00:17]} Rc4+
{[%clk 0:00:43]} 61. Kg3 {[%clk 0:00:19]} Rc3 {[%clk 0:00:45]} 62. Ra6
{[%clk 0:00:20]} Rd3 {[%clk 0:00:45]} 63. h4 {[%clk 0:00:21]} Rb3
{[%clk 0:00:46]} 64. Kf4 {[%clk 0:00:17]} Rb4+ {[%clk 0:00:48]} 65. Ke5
{[%clk 0:00:18]} Rb5+ {[%clk 0:00:47]} 66. Ke4 {[%clk 0:00:16]} Rb4+
{[%clk 0:00:48]} 67. Ke5 {[%clk 0:00:13]} Rb5+ {[%clk 0:00:50]} 68. Kd4
{[%clk 0:00:15]} Rb3 {[%clk 0:00:48]} 69. Ke4 {[%clk 0:00:16]} Rb4+
{[%clk 0:00:50]} 70. Ke5 {[%clk 0:00:14]} Rb5+ {[%clk 0:00:51]} 71. Kd4 Rb4+ 72.
Ke3 {[%clk 0:00:14]} Rb3+ {[%clk 0:00:54]} 73. Kf4 {[%clk 0:00:15]} Rb4+
{[%clk 0:00:55]} 74. Kg3 {[%clk 0:00:16]} Rb3 {[%clk 0:00:56]} 75. Rd6
{[%clk 0:00:16]} Rc3 {[%clk 0:00:56]} 76. Rb6 {[%clk 0:00:17]} Ra3
{[%clk 0:00:57]} 77. g5 {[%clk 0:00:14]} hxg5 {[%clk 0:00:49]} 78. hxg5
{[%clk 0:00:15]} Ra5 {[%clk 0:00:50]} 79. Rb7+ {[%clk 0:00:16]} Kg8
{[%clk 0:00:51]} 80. Kg4 {[%clk 0:00:17]} Ra4+ {[%clk 0:00:52]} 81. f4
{[%clk 0:00:17]} Rc4 {[%clk 0:00:53]} 82. Kf3 {[%clk 0:00:17]} Ra4
{[%clk 0:00:53]} 83. Rb6 {[%clk 0:00:10]} Kg7 {[%clk 0:00:54]} 84. Rf6
{[%clk 0:00:09]} Ra3+ {[%clk 0:00:52]} 85. Ke4 {[%clk 0:00:10]} Ra4+
{[%clk 0:00:54]} 86. Ke5 {[%clk 0:00:10]} Ra5+ {[%clk 0:00:55]} 87. Ke6
{[%clk 0:00:06]} Ra6+ {[%clk 0:00:56]} 88. Ke5 {[%clk 0:00:07]} Ra5+
{[%clk 0:00:31]} 89. Ke4 {[%clk 0:00:07]} Ra4+ {[%clk 0:00:33]} 90. Kd5
{[%clk 0:00:08]} Ra5+ {[%clk 0:00:34]} 91. Kc4 {[%clk 0:00:08]} Ra4+
{[%clk 0:00:34]} 92. Kb5 {[%clk 0:00:09]} Re4 {[%clk 0:00:35]} 93. Kc5
{[%clk 0:00:08]} Ra4 {[%clk 0:00:35]} 94. Kd5 {[%clk 0:00:07]} Ra5+
{[%clk 0:00:36]} 95. Kc4 {[%clk 0:00:08]} Ra4+ {[%clk 0:00:38]} 96. Kb5 Re4 1-0

[Event "D14blitz"]
[Site "?"]
[Date "2020.08.27"]
[Round "12.2"]
[White "Siekanska, Maria"]
[Black "Starosta, Martyna"]
[Result "1-0"]
[BlackElo "1722"]
[WhiteElo "1530"]
[LiveChessVersion "1.4.4"]

1. d4 {[%clk 0:03:02]} Nf6 {[%clk 0:03:03]} 2. c4 {[%clk 0:03:04]} g6
{[%clk 0:03:04]} 3. Nc3 {[%clk 0:03:05]} Bg7 {[%clk 0:03:05]} 4. e4
{[%clk 0:03:06]} d6 {[%clk 0:03:07]} 5. Nf3 {[%clk 0:03:07]} O-O {[%clk 0:03:08]}
6. Be2 {[%clk 0:03:08]} e5 {[%clk 0:03:09]} 7. O-O {[%clk 0:03:09]} Nc6
{[%clk 0:03:10]} 8. d5 {[%clk 0:03:10]} Ne7 {[%clk 0:03:12]} 9. Nd2
{[%clk 0:03:11]} Nd7 {[%clk 0:03:08]} 10. b4 {[%clk 0:03:11]} a5 {[%clk 0:03:09]}
11. bxa5 {[%clk 0:03:11]} Rxa5 {[%clk 0:03:09]} 12. a4 {[%clk 0:03:11]} f5
{[%clk 0:03:08]} 13. Ba3 {[%clk 0:03:11]} Nf6 {[%clk 0:03:01]} 14. Bb4
{[%clk 0:03:11]} Ra8 {[%clk 0:03:01]} 15. a5 {[%clk 0:03:07]} f4 {[%clk 0:03:00]}
16. f3 {[%clk 0:03:06]} g5 {[%clk 0:03:01]} 17. c5 {[%clk 0:03:05]} h5
{[%clk 0:02:28]} 18. Nc4 {[%clk 0:03:01]} Ne8 {[%clk 0:02:29]} 19. Nb5
{[%clk 0:02:44]} Rf6 {[%clk 0:02:21]} 20. Rc1 {[%clk 0:02:33]} dxc5
{[%clk 0:02:06]} 21. Bxc5 {[%clk 0:02:30]} Nd6 {[%clk 0:02:05]} 22. Ncxd6
{[%clk 0:02:11]} cxd6 {[%clk 0:02:01]} 23. Bb6 {[%clk 0:02:12]} Qf8
{[%clk 0:01:55]} 24. Nc7 {[%clk 0:01:56]} Rb8 {[%clk 0:01:55]} 25. Ba7
{[%clk 0:01:52]} Bd7 {[%clk 0:01:51]} 26. Bxb8 {[%clk 0:01:51]} Qxb8
{[%clk 0:01:52]} 27. Bb5 {[%clk 0:01:50]} Qa7+ {[%clk 0:01:41]} 28. Kh1
{[%clk 0:01:44]} Bxb5 {[%clk 0:01:42]} 29. Nxb5 {[%clk 0:01:44]} Qxa5
{[%clk 0:01:44]} 30. Qb3 {[%clk 0:01:33]} g4 {[%clk 0:01:41]} 31. Ra1
{[%clk 0:01:24]} Qb6 {[%clk 0:01:32]} 32. Rfb1 {[%clk 0:01:10]} gxf3
{[%clk 0:01:13]} 33. Qxf3 {[%clk 0:01:09]} h4 {[%clk 0:01:07]} 34. Ra8+
{[%clk 0:00:50]} Kh7 {[%clk 0:01:05]} 35. Re8 {[%clk 0:00:48]} Ng8
{[%clk 0:00:52]} 36. Qh5+ {[%clk 0:00:48]} Rh6 {[%clk 0:00:42]} 37. Qf5+
{[%clk 0:00:48]} Rg6 {[%clk 0:00:21]} 38. Rxg8 {[%clk 0:00:48]} Qf2
{[%clk 0:00:17]} 39. Rg1 {[%clk 0:00:25]} h3 {[%clk 0:00:08]} 40. Qxh3+
{[%clk 0:00:25]} Kxg8 {[%clk 0:00:10]} 41. Qc8+ {[%clk 0:00:23]} Bf8
{[%clk 0:00:10]} 42. Nc7 {[%clk 0:00:21]} f3 {[%clk 0:00:10]} 43. g3
{[%clk 0:00:15]} Rh6 {[%clk 0:00:12]} 44. Qg4+ {[%clk 0:00:14]} Kh8
{[%clk 0:00:12]} 45. h4 {[%clk 0:00:13]} Qe3 {[%clk 0:00:09]} 46. Rf1
{[%clk 0:00:08]} f2 {[%clk 0:00:09]} 47. Ne6 {[%clk 0:00:08]} Rf6
{[%clk 0:00:04]} 48. Qh5+ {[%clk 0:00:08]} Rh6 {[%clk 0:00:03]} 49. Qf7 1-0

[Event "D14blitz"]
[Site "?"]
[Date "2020.08.27"]
[Round "12.3"]
[White "Pawicka, Magdalena"]
[Black "Rejniak, Zuzanna"]
[Result "1/2-1/2"]
[BlackElo "1587"]
[WhiteElo "1597"]
[LiveChessVersion "1.4.4"]

1. e4 {[%clk 0:03:03]} c5 {[%clk 0:03:04]} 2. Nf3 {[%clk 0:03:04]} d6 3. d4 cxd4
4. Nxd4 Nf6 {[%clk 0:03:08]} 5. Nc3 {[%clk 0:03:09]} a6 {[%clk 0:03:09]} 6. Be2
{[%clk 0:03:09]} e5 {[%clk 0:03:10]} 7. Nb3 {[%clk 0:03:10]} Be7 {[%clk 0:03:11]}
8. Bg5 {[%clk 0:03:08]} Be6 {[%clk 0:03:07]} 9. Bxf6 {[%clk 0:03:09]} Bxf6
{[%clk 0:03:08]} 10. Qd3 {[%clk 0:03:06]} Nc6 {[%clk 0:03:06]} 11. Rd1
{[%clk 0:03:00]} Nb4 {[%clk 0:02:52]} 12. Qd2 {[%clk 0:02:55]} Bg5
{[%clk 0:02:49]} 13. Qxd6 {[%clk 0:02:31]} Nxc2+ {[%clk 0:02:47]} 14. Kf1
{[%clk 0:02:31]} Qxd6 {[%clk 0:02:29]} 15. Rxd6 {[%clk 0:02:31]} Bxb3
{[%clk 0:01:14]} 16. axb3 {[%clk 0:02:32]} Nd4 {[%clk 0:01:15]} 17. Bc4
{[%clk 0:01:36]} b5 {[%clk 0:01:05]} 18. Bd5 {[%clk 0:01:36]} Ke7
{[%clk 0:00:32]} 19. Rb6 Ra7 20. g3 {[%clk 0:00:59]} Rc8 {[%clk 0:00:15]} 21. Kg2
{[%clk 0:00:52]} b4 {[%clk 0:00:14]} 22. Na4 {[%clk 0:00:39]} Rc2
{[%clk 0:00:13]} 23. Rxb4 {[%clk 0:00:10]} Be3 {[%clk 0:00:12]} 24. Rf1
{[%clk 0:00:11]} Bd2 {[%clk 0:00:10]} 25. Rb7+ {[%clk 0:00:11]} Rxb7 26. Bxb7 a5
{[%clk 0:00:12]} 27. Bd5 {[%clk 0:00:10]} Bb4 {[%clk 0:00:12]} 28. Kh1
{[%clk 0:00:08]} Re2 {[%clk 0:00:11]} 29. Bc4 Rd2 {[%clk 0:00:08]} 30. Kg2
{[%clk 0:00:07]} Rc2 {[%clk 0:00:06]} 31. Kh3 {[%clk 0:00:07]} f5
{[%clk 0:00:04]} 32. exf5 {[%clk 0:00:07]} Nxf5 {[%clk 0:00:05]} 33. f4
{[%clk 0:00:07]} e4 {[%clk 0:00:06]} 34. Bd5 {[%clk 0:00:04]} e3 {[%clk 0:00:07]}
35. Be4 Rf2 {[%clk 0:00:06]} 36. Rxf2 {[%clk 0:00:04]} exf2 {[%clk 0:00:06]}
1/2-1/2

[Event "D14blitz"]
[Site "?"]
[Date "2020.08.27"]
[Round "12.4"]
[White "Garbowska, Maja"]
[Black "Janikowska, Wiktoria"]
[Result "0-1"]
[BlackElo "1314"]
[WhiteElo "1220"]
[LiveChessVersion "1.4.4"]

1. e4 {[%clk 0:03:03]} c5 {[%clk 0:03:03]} 2. Nf3 {[%clk 0:03:04]} g6
{[%clk 0:03:04]} 3. d4 {[%clk 0:03:05]} cxd4 {[%clk 0:03:05]} 4. Nxd4
{[%clk 0:03:05]} Nc6 {[%clk 0:03:05]} 5. Nc3 {[%clk 0:03:06]} Bg7
{[%clk 0:03:05]} 6. Be3 {[%clk 0:02:55]} Nf6 {[%clk 0:03:04]} 7. Be2
{[%clk 0:02:52]} O-O {[%clk 0:02:58]} 8. O-O {[%clk 0:02:52]} d5 {[%clk 0:02:56]}
9. exd5 {[%clk 0:02:28]} Nxd5 {[%clk 0:02:56]} 10. Nxc6 {[%clk 0:02:18]} bxc6
{[%clk 0:02:56]} 11. Nxd5 {[%clk 0:02:13]} Qxd5 {[%clk 0:02:49]} 12. Qxd5
{[%clk 0:02:13]} cxd5 {[%clk 0:02:50]} 13. c3 {[%clk 0:02:13]} f5
{[%clk 0:02:26]} 14. Bf3 {[%clk 0:02:11]} e6 {[%clk 0:02:19]} 15. Rad1
{[%clk 0:02:07]} Bb7 {[%clk 0:02:14]} 16. Rfe1 {[%clk 0:01:55]} Kf7
{[%clk 0:02:02]} 17. Bc5 {[%clk 0:01:46]} Rfc8 {[%clk 0:01:54]} 18. Bb4
{[%clk 0:01:45]} a5 {[%clk 0:01:50]} 19. Bd6 {[%clk 0:01:41]} Rc6
{[%clk 0:01:46]} 20. Bg3 {[%clk 0:01:37]} Rb6 {[%clk 0:01:39]} 21. Rd2
{[%clk 0:01:34]} h5 {[%clk 0:01:35]} 22. h3 {[%clk 0:01:30]} Bh6 {[%clk 0:01:30]}
23. Rc2 {[%clk 0:01:24]} f4 {[%clk 0:00:56]} 24. Bh2 {[%clk 0:01:19]} Kf6
{[%clk 0:00:56]} 25. b3 {[%clk 0:01:01]} e5 {[%clk 0:00:48]} 26. Bd1
{[%clk 0:00:46]} e4 {[%clk 0:00:40]} 27. Rce2 {[%clk 0:00:34]} Rc8
{[%clk 0:00:33]} 28. c4 {[%clk 0:00:30]} dxc4 {[%clk 0:00:31]} 29. bxc4
{[%clk 0:00:30]} Rxc4 {[%clk 0:00:30]} 30. Bb3 {[%clk 0:00:32]} Rc3
{[%clk 0:00:23]} 31. Rd1 {[%clk 0:00:25]} Rd3 {[%clk 0:00:19]} 32. Rde1
{[%clk 0:00:25]} Rbd6 {[%clk 0:00:16]} 33. f3 {[%clk 0:00:09]} e3
{[%clk 0:00:12]} 34. Rc1 0-1

[Event "D14blitz"]
[Site "?"]
[Date "2020.08.27"]
[Round "12.5"]
[White "Zabrzanska, Weronika"]
[Black "Tokarz, Izabela"]
[Result "1-0"]
[BlackElo "1504"]
[WhiteElo "1634"]
[LiveChessVersion "1.4.4"]

1. e4 c6 2. d4 d5 3. e5 Bf5 4. Nd2 e6 5. Nb3 Nd7 6. Nf3 h6 7. Be3 Bh7 8. Be2 Ne7
9. O-O Nf5 10. Qd2 Be7 11. c3 Nxe3 12. Qxe3 O-O 13. Nfd2 c5 14. f4 c4 15. Nc1 b5
16. Bf3 Rb8 17. a3 a5 18. Ne2 b4 19. Ng3 Bh4 20. Bg4 Bxg3 21. Qxg3 bxc3 22. bxc3
Rb2 23. Nf3 Kh8 24. Nh4 Nb6 25. f5 exf5 26. Bxf5 Qe7 27. Bxh7 Kxh7 28. Qxg7+ Kxg7
29. Nf5+ Kh7 30. Nxe7 Kg7 31. Rab1 Na4 32. Rxb2 Nxb2 33. Nxd5 Nd3 34. Nf4 Nxf4
35. Rxf4 Rb8 36. d5 Rb5 37. d6 Rxe5 38. d7 Rd5 39. Rd4 Rb5 40. d8=Q Rb1+ 41. Kf2
Rb2+ 42. Kg3 Rb3 43. Rxc4 Rxa3 44. Qd4+ Kg6 45. Rc6+ Kh7 46. Qe4+ Kg7 47. Qe5+
Kh7 48. Qf5+ Kg7 49. Qf6+ Kh7 50. Qxf7+ 1-0

[Event "D14blitz"]
[Site "?"]
[Date "2020.08.27"]
[Round "12.6"]
[White "Giemza, Julia"]
[Black "Uliasz, Katarzyna"]
[Result "1-0"]
[BlackElo "1267"]
[WhiteElo "1284"]
[LiveChessVersion "1.4.4"]

1. e4 c5 2. Nf3 d6 3. d4 cxd4 4. Nxd4 Nf6 5. Nc3 g6 6. Be2 Bg7 7. Be3 O-O 8. O-O
Nc6 9. h3 Bd7 10. f4 a6 11. g4 Qc8 12. g5 Ne8 13. h4 Bh3 14. Rf2 e5 15. Nxc6 bxc6
16. Rh2 Be6 17. h5 f6 18. hxg6 hxg6 19. Qe1 Bg4 20. Qh4 Bxe2 21. Nxe2 Kf7 22. Rf1
Rh8 23. Qg3 Rxh2 24. Kxh2 Rb8 25. gxf6 exf4 26. Nxf4 Nxf6 27. Qxg6+ Kf8 28. Nh5
Rb7 29. Nxf6 Bxf6 30. Rxf6+ Ke7 31. Qg7+ Ke8 32. Rf8# 1-0

[Event "D14blitz"]
[Site "?"]
[Date "2020.08.27"]
[Round "12.7"]
[White "Lajdamik, Anna"]
[Black "Obrochta, Lena"]
[Result "0-1"]
[BlackElo "1517"]
[WhiteElo "1333"]
[LiveChessVersion "1.4.4"]

1. e4 {[%clk 0:03:03]} c5 {[%clk 0:03:04]} 2. Nf3 {[%clk 0:03:03]} e6
{[%clk 0:03:05]} 3. d4 {[%clk 0:03:04]} cxd4 {[%clk 0:03:06]} 4. Nxd4
{[%clk 0:03:05]} a6 {[%clk 0:03:08]} 5. Bc4 {[%clk 0:03:05]} Qc7 {[%clk 0:03:08]}
6. Qe2 {[%clk 0:03:02]} Nf6 {[%clk 0:03:08]} 7. Nc3 {[%clk 0:03:03]} d6
{[%clk 0:03:10]} 8. O-O {[%clk 0:03:02]} b5 {[%clk 0:03:11]} 9. Bb3
{[%clk 0:03:02]} Bb7 {[%clk 0:03:12]} 10. Bg5 {[%clk 0:02:59]} Nbd7
{[%clk 0:03:11]} 11. Rad1 {[%clk 0:02:57]} b4 {[%clk 0:03:07]} 12. Nb1
{[%clk 0:02:43]} Nxe4 {[%clk 0:03:03]} 13. Bf4 {[%clk 0:02:40]} Be7
{[%clk 0:03:03]} 14. Bg3 {[%clk 0:02:15]} O-O {[%clk 0:03:01]} 15. Kh1
{[%clk 0:02:12]} Nxg3+ {[%clk 0:02:56]} 16. hxg3 {[%clk 0:02:07]} Bf6
{[%clk 0:02:57]} 17. Qg4 {[%clk 0:01:44]} Ne5 {[%clk 0:02:53]} 18. Qh3
{[%clk 0:01:35]} a5 {[%clk 0:02:47]} 19. c3 {[%clk 0:01:11]} bxc3
{[%clk 0:02:48]} 20. Nxc3 {[%clk 0:01:12]} d5 {[%clk 0:02:50]} 21. Bc2
{[%clk 0:01:10]} h6 {[%clk 0:02:51]} 22. f4 {[%clk 0:01:02]} Nc4 {[%clk 0:02:47]}
23. Rde1 {[%clk 0:00:58]} Nxb2 {[%clk 0:02:40]} 24. g4 {[%clk 0:00:49]} Bxd4
{[%clk 0:02:35]} 25. Nb5 {[%clk 0:00:43]} Qxc2 {[%clk 0:02:32]} 26. Nxd4
{[%clk 0:00:43]} Qg6 {[%clk 0:02:30]} 27. f5 {[%clk 0:00:40]} exf5
{[%clk 0:02:29]} 28. gxf5 {[%clk 0:00:40]} Qf6 {[%clk 0:02:27]} 29. Rb1
{[%clk 0:00:33]} Qxd4 {[%clk 0:02:11]} 30. f6 {[%clk 0:00:30]} Ba6
{[%clk 0:02:05]} 31. fxg7 {[%clk 0:00:24]} Qxg7 {[%clk 0:02:05]} 32. Rf3
{[%clk 0:00:20]} Bd3 {[%clk 0:01:42]} 33. Rd1 {[%clk 0:00:05]} Be4
{[%clk 0:01:31]} 34. Rg3 {[%clk 0:00:06]} Bg6 {[%clk 0:01:33]} 35. Rd2
{[%clk 0:00:05]} Nc4 {[%clk 0:01:33]} 36. Rd4 {[%clk 0:00:05]} Ne5
{[%clk 0:01:32]} 37. Rh4 {[%clk 0:00:06]} d4 {[%clk 0:01:22]} 38. Rxh6
{[%clk 0:00:07]} d3 {[%clk 0:01:20]} 39. Qh4 {[%clk 0:00:03]} d2 {[%clk 0:01:19]}
40. Qg5 d1=Q+ {[%clk 0:01:13]} 41. Kh2 {[%clk 0:00:05]} Ra6 {[%clk 0:01:05]} 42.
Rgh3 {[%clk 0:00:05]} Rb8 {[%clk 0:00:51]} 43. Rh8+ {[%clk 0:00:06]} Qxh8
{[%clk 0:00:50]} 44. Rxh8+ {[%clk 0:00:07]} Kxh8 {[%clk 0:00:51]} 45. Qh6+
{[%clk 0:00:07]} Kg8 {[%clk 0:00:52]} 46. Qg5 {[%clk 0:00:06]} Qh5+
{[%clk 0:00:53]} 0-1

[Event "D14blitz"]
[Site "?"]
[Date "2020.08.27"]
[Round "13.1"]
[White "Barwinska, Ewa"]
[Black "Zabrzanska, Weronika"]
[Result "0-1"]
[BlackElo "1634"]
[WhiteElo "1517"]
[LiveChessVersion "1.4.4"]

1. e4 {[%clk 0:03:03]} e5 {[%clk 0:03:03]} 2. Nf3 {[%clk 0:03:04]} Nc6
{[%clk 0:03:05]} 3. Bb5 {[%clk 0:03:05]} Nge7 {[%clk 0:03:05]} 4. Nc3
{[%clk 0:03:05]} g6 {[%clk 0:03:06]} 5. d4 {[%clk 0:03:04]} exd4 {[%clk 0:03:05]}
6. Nd5 {[%clk 0:03:05]} Nxd5 {[%clk 0:03:03]} 7. exd5 {[%clk 0:03:06]} Qe7+
{[%clk 0:03:04]} 8. Be2 {[%clk 0:03:06]} Ne5 {[%clk 0:03:05]} 9. Nxd4
{[%clk 0:02:59]} Bg7 {[%clk 0:03:04]} 10. O-O {[%clk 0:02:59]} O-O
{[%clk 0:03:04]} 11. f4 {[%clk 0:02:52]} Nc4 {[%clk 0:03:04]} 12. Bxc4
{[%clk 0:02:37]} Qc5 {[%clk 0:03:05]} 13. Be3 {[%clk 0:01:47]} Qxc4
{[%clk 0:03:02]} 14. d6 {[%clk 0:01:07]} cxd6 {[%clk 0:02:55]} 15. c3
{[%clk 0:01:07]} d5 {[%clk 0:02:43]} 16. Nf3 {[%clk 0:01:03]} d6 {[%clk 0:02:43]}
17. h3 {[%clk 0:01:01]} Re8 {[%clk 0:02:43]} 18. Re1 {[%clk 0:00:57]} Bf5
{[%clk 0:02:40]} 19. Nd2 {[%clk 0:00:42]} Qd3 {[%clk 0:02:04]} 20. Bf2
{[%clk 0:00:25]} d4 {[%clk 0:01:51]} 21. cxd4 {[%clk 0:00:25]} Bxd4
{[%clk 0:01:51]} 22. Nf3 {[%clk 0:00:14]} Qxd1 {[%clk 0:01:15]} 23. Raxd1
{[%clk 0:00:13]} Bxb2 {[%clk 0:01:10]} 24. Rxe8+ {[%clk 0:00:12]} Rxe8
{[%clk 0:01:11]} 25. Rxd6 {[%clk 0:00:10]} b6 {[%clk 0:01:11]} 26. Ng5
{[%clk 0:00:09]} h6 {[%clk 0:01:05]} 27. Nf3 {[%clk 0:00:10]} Be6
{[%clk 0:00:59]} 28. Rd2 {[%clk 0:00:10]} Bc3 {[%clk 0:01:00]} 29. Rc2
{[%clk 0:00:11]} Bf6 {[%clk 0:00:55]} 30. a3 {[%clk 0:00:11]} Rc8
{[%clk 0:00:54]} 31. Rxc8+ {[%clk 0:00:09]} Bxc8 {[%clk 0:00:55]} 32. Bd4
{[%clk 0:00:08]} Be7 {[%clk 0:00:50]} 33. Bb2 {[%clk 0:00:08]} f6
{[%clk 0:00:41]} 34. Nd4 {[%clk 0:00:09]} Bb7 {[%clk 0:00:37]} 35. Nb5
{[%clk 0:00:08]} a6 {[%clk 0:00:29]} 36. Nd4 {[%clk 0:00:09]} Kf7
{[%clk 0:00:29]} 37. Kf2 {[%clk 0:00:10]} Bc5 {[%clk 0:00:27]} 38. g3
{[%clk 0:00:11]} b5 {[%clk 0:00:23]} 39. Ke2 {[%clk 0:00:09]} Bd5
{[%clk 0:00:18]} 40. g4 {[%clk 0:00:06]} g5 {[%clk 0:00:14]} 41. fxg5
{[%clk 0:00:06]} hxg5 {[%clk 0:00:15]} 42. Nf5 {[%clk 0:00:06]} Be4
{[%clk 0:00:08]} 43. Ng3 {[%clk 0:00:06]} Bg2 {[%clk 0:00:06]} 44. Nh5
{[%clk 0:00:06]} Bxh3 {[%clk 0:00:06]} 45. Nxf6 {[%clk 0:00:07]} Be7
{[%clk 0:00:06]} 46. Nd5 {[%clk 0:00:06]} Bxg4+ {[%clk 0:00:06]} 47. Kf2
{[%clk 0:00:07]} Bd6 {[%clk 0:00:07]} 48. Nb4 {[%clk 0:00:07]} a5
{[%clk 0:00:07]} 49. Nc6 {[%clk 0:00:08]} a4 {[%clk 0:00:07]} 50. Na5
{[%clk 0:00:08]} Bd7 {[%clk 0:00:07]} 51. Nb7 {[%clk 0:00:09]} Bf4
{[%clk 0:00:06]} 52. Nc5 {[%clk 0:00:09]} Ke7 {[%clk 0:00:07]} 53. Nd3
{[%clk 0:00:09]} Bd6 {[%clk 0:00:07]} 54. Ne1 {[%clk 0:00:09]} Bc5+
{[%clk 0:00:07]} 55. Kg2 {[%clk 0:00:10]} Ke6 {[%clk 0:00:08]} 56. Nf3
{[%clk 0:00:10]} Kf5 {[%clk 0:00:09]} 57. Kg3 {[%clk 0:00:11]} Bd6+
{[%clk 0:00:10]} 58. Kf2 {[%clk 0:00:12]} Bc5+ {[%clk 0:00:11]} 59. Kg3
{[%clk 0:00:13]} Bc6 {[%clk 0:00:12]} 60. Nd2 {[%clk 0:00:13]} Bd6+
{[%clk 0:00:12]} 61. Kf2 {[%clk 0:00:13]} g4 {[%clk 0:00:13]} 62. Nf1
{[%clk 0:00:13]} Bc5+ {[%clk 0:00:13]} 63. Kg3 {[%clk 0:00:14]} Bd6+
{[%clk 0:00:14]} 64. Kf2 {[%clk 0:00:15]} g3+ {[%clk 0:00:14]} 65. Kg1
{[%clk 0:00:16]} Bc5+ 0-1